| 000 | 00544nam a2200169 4500 | ||
|---|---|---|---|
| 001 | 117084 | ||
| 003 | ES-MaACL | ||
| 005 | 20230906190827.0 | ||
| 007 | t| | ||
| 008 | 071121s1927 sp r ||||1| spa d | ||
| 100 | 1 |
_aPeña, Alfonso de la. _990203 |
|
| 245 | 1 | 3 |
_aEl reflujo vésico ureteral / _cpor Alfonso de la Peña. |
| 260 |
_aMadrid : _b[s.n.], _c1927 ( _fImp.Ministerio Marina) |
||
| 300 |
_a37 p. : _bil. ; _c24 cm. |
||
| 500 | _aEs tirada aparte de `Revista Española de Cirugía y Urología`, 1927. | ||
| 852 |
_aES-MaACL _j1734-F-20 |
||
| 999 |
_c117084 _d117084 |
||